TB OF MICROBIOLOGY FOR GNM NURSING STUDENTS (Record no. 21925)

MARC details
000 -LEADER
fixed length control field 00357nam a22001577a 4500
003 - CONTROL NUMBER IDENTIFIER
control field SGT
020 ## - INTERNATIONAL STANDARD BOOK NUMBER
International Standard Book Number 9789390619122
082 ## - DEWEY DECIMAL CLASSIFICATION NUMBER
Classification number 616.01
Item number M21B
100 ## - MAIN ENTRY--PERSONAL NAME
Personal name BAKSHI, MRINALI
245 ## - TITLE STATEMENT
Title TB OF MICROBIOLOGY FOR GNM NURSING STUDENTS
250 ## - EDITION STATEMENT
Edition statement 2ND
260 ## - PUBLICATION, DISTRIBUTION, ETC. (IMPRINT)
Place of publication, distribution, etc INDIA
Name of publisher, distributor, etc CBS PUB
Year of Publication 2021
300 ## - PAGE DESCRIPTION
No. of Pages 134
650 ## - SUBJECT ADDED ENTRY--TOPICAL TERM
Topical term or geographic name as entry element MICROBIOLOGY
942 ## - ADDED ENTRY ELEMENTS (KOHA)
Source of classification or shelving scheme Dewey Decimal Classification
Koha item type Books
942 ## - ADDED ENTRY ELEMENTS (KOHA)
-- 15
Holdings
Withdrawn status Lost status Source of classification or shelving scheme Damaged status Not for loan Collection code Home library Current library Shelving location Date acquired Vendor Name Cost, normal purchase price SGTU Bill Number Total Checkouts Full call number Accession No. (Barcode) Date last seen Date last borrowed Bill Date Koha item type
    Dewey Decimal Classification     NURSING SGT Medical Library SGT Medical Library Text Book 09/10/2021 ABC DELHI 225.00 SGTU 13308 3 616.01 M21B FN4407 11/12/2023 28/11/2023   Books
    Dewey Decimal Classification     NURSING SGT Medical Library SGT Medical Library Text Book 09/10/2021 ABC DELHI 225.00 SGTU 13308 1 616.01 M21B FN4408 11/01/2023 09/01/2023   Books
    Dewey Decimal Classification     NURSING SGT Medical Library SGT Medical Library Text Book 09/10/2021 ABC DELHI 225.00 SGTU 13308   616.01 M21B FN4409 09/10/2021     Books
    Dewey Decimal Classification     NURSING SGT Medical Library SGT Medical Library Text Book 09/10/2021 ABC DELHI 225.00 SGTU 13308 10 616.01 M21B FN4410 12/12/2023 28/11/2023   Books
    Dewey Decimal Classification     NURSING SGT Medical Library SGT Medical Library Text Book 09/10/2021 ABC DELHI 225.00 SGTU 13308 1 616.01 M21B FN4411 08/03/2022 05/03/2022   Books